| 000 | 00751nam0a22002411 4500 | ||
|---|---|---|---|
| 001 | rc\2745663 | ||
| 005 | 20250529142906.0 | ||
| 035 | _a(NLR Aleph) 006872731 | ||
| 090 |
_a6964852 _c6964852 |
||
| 100 | _a20110915d1939 |||y0rusy50 ca | ||
| 101 | 0 | _arus | |
| 102 | _aRU | ||
| 105 | _aac z ||||| | ||
| 200 | 1 |
_aИспанский театр XVI - XVII веков _fС. Игнатов |
|
| 210 |
_aМосква _aЛенинград _cИскусство _d1939 _eМосква |
||
| 215 |
_a152 с. _cил., портр. _d21 см. |
||
| 700 | 1 |
_aИгнатов _bС.С. _f1887- _gСергей Сергеевич |
|
| 801 | 0 |
_aRU _bNLR _gpsbo |
|
| 801 | 1 |
_aRU _bELAR _2rusmarc |
|
| 852 |
_aNLR _j39-3/502 |
||
| 852 |
_aNLR _jКрII/2674 |
||
| 942 | _cBOOK | ||
| 980 | _aNB | ||